| 000 | 00613cam a22002293a 4500 | ||
|---|---|---|---|
| 001 | 26629 | ||
| 003 | PGUSA | ||
| 005 | 20140828083556.0 | ||
| 008 | 080916s2008||||xxu|||||s|||||000 | eng d | ||
| 040 |
_aPGUSA _beng |
||
| 042 | _adc | ||
| 050 | 4 | _aGR | |
| 100 | 1 |
_aO'Donnell, Elliott, _d1872-1965 |
|
| 245 | 1 | 0 |
_aWerwolves _h[electronic resource] / _cElliott O'Donnell |
| 260 |
_bProject Gutenberg, _c2008 |
||
| 506 | _aPublic domain in the USA. | ||
| 516 | _aElectronic text | ||
| 653 | _aWerewolves | ||
| 830 | 0 |
_aProject Gutenberg _v26629 |
|
| 856 | 4 | 0 | _uhttp://www.gutenberg.org/ebooks/26629 |
| 942 | _cEB | ||
| 999 |
_c255884 _d255884 |
||